[Event "Corsica-chT"]
[Site "Porticcio"]
[Date "2007.04.01"]
[Round "3.5"]
[White "Pellerin, Gerard"]
[Black "Meresse, Jack Francois"]
[Result "0-1"]
[WhiteElo "1280"]
[BlackElo "1520"]
[PlyCount "36"]
[EventDate "2007.03.07"]
[EventType "team-tourn"]
[EventRounds "9"]
[EventCountry "FRA"]
[SourceTitle "CBM 117 Extra"]
[Source "ChessBase"]
[SourceDate "2007.05.09"]
[SourceVersion "1"]
[SourceVersionDate "2007.05.09"]
[SourceQuality "1"]
[WhiteTeam "Echecs Club du Fium'Orbu"]
[BlackTeam "Casinca II"]
[WhiteTeamCountry "FRA"]
[BlackTeamCountry "FRA"]

1. e4 e5 2. Nf3 Nf6 3. Nc3 Bb4 4. Nd5 Nxd5 5. exd5 d6 6. c3 Ba5 7. Be2 c6 8. b4 Bb6 9. Bc4 Bg4 10. 0-0 0-0 11. Qc2 Bxf3 12. Qf5 Bxg2 13. Re1 Qd7 14. Qh5 Bh3 15. Kh1 g6 16. Qg5 Bd8 17. Qh6 Qg4 18. Rg1 Qf3+ 0-1

[Event "Corsica-chT"]
[Site "Travo"]
[Date "2006.03.??"]
[Round "2.3"]
[White "Anziani Vente, Herve"]
[Black "Meresse, Jack Francois"]
[Result "0-1"]
[WhiteElo "1499"]
[BlackElo "1530"]
[PlyCount "56"]
[EventDate "2006.04.09"]
[EventType "team-tourn"]
[EventRounds "3"]
[EventCountry "FRA"]
[SourceTitle "EXT 2007"]
[Source "ChessBase"]
[SourceDate "2006.11.23"]
[SourceVersion "1"]
[SourceVersionDate "2006.11.23"]
[SourceQuality "1"]

1. c4 e5 2. Nc3 Nc6 3. Nf3 Bb4 4. d3 Nf6 5. e4 d6 6. h4 Bc5 7. Bg5 h6 8. Bxf6 Qxf6 9. Nd5 Qd8 10. g3 Be6 11. Qb3 Rb8 12. 0-0-0 Bxf2 13. Rh2 Bxg3 14. Rg2 Bxh4 15. Rxg7 Bg5+ 16. Kb1 Bxd5 17. exd5 Nd4 18. Nxd4 exd4 19. Qb5+ Kf8 20. Rxg5 hxg5 21. Be2 Qe7 22. Re1 Rh2 23. a3 Rxe2 24. Rxe2 Qxe2 25. Qd7 Qxd3+ 26. Ka2 Qxc4+ 27. b3 Qc2+ 28. Ka1 Re8 0-1